<?xml version="1.0" encoding="UTF-8"?>
<record
    xmlns:xsi="http://www.w3.org/2001/XMLSchema-instance"
    xsi:schemaLocation="http://www.loc.gov/MARC21/slim http://www.loc.gov/standards/marcxml/schema/MARC21slim.xsd"
    xmlns="http://www.loc.gov/MARC21/slim">

  <leader>08300njm a2200733Ia 4500</leader>
  <controlfield tag="001">25679</controlfield>
  <controlfield tag="003">IT-RoPAU</controlfield>
  <controlfield tag="005">20220918181123.0</controlfield>
  <controlfield tag="008">131025s9999    xx            000 0 und d</controlfield>
  <datafield tag="040" ind1=" " ind2=" ">
    <subfield code="a">IT-RoPAU</subfield>
  </datafield>
  <datafield tag="040" ind1=" " ind2=" ">
    <subfield code="c">IT-RoPAU</subfield>
  </datafield>
  <datafield tag="999" ind1=" " ind2=" ">
    <subfield code="c">99950</subfield>
    <subfield code="d">99950</subfield>
  </datafield>
  <datafield tag="999" ind1=" " ind2=" ">
    <subfield code="b">n.d.</subfield>
  </datafield>
  <datafield tag="100" ind1=" " ind2=" ">
    <subfield code="a">AA.VV.</subfield>
    <subfield code="9">794</subfield>
  </datafield>
  <datafield tag="100" ind1=" " ind2=" ">
    <subfield code="e">Autore musica</subfield>
    <subfield code="9">13509</subfield>
  </datafield>
  <datafield tag="100" ind1=" " ind2=" ">
    <subfield code="g">Codice autore musica SPICS: 12000</subfield>
    <subfield code="9">796</subfield>
  </datafield>
  <datafield tag="245" ind1=" " ind2=" ">
    <subfield code="a">Era dello swing (L')</subfield>
  </datafield>
  <datafield tag="250" ind1=" " ind2=" ">
    <subfield code="a">2a ed.</subfield>
  </datafield>
  <datafield tag="260" ind1=" " ind2=" ">
    <subfield code="a">MILANO</subfield>
  </datafield>
  <datafield tag="260" ind1=" " ind2=" ">
    <subfield code="b">MUSICA JAZZ</subfield>
    <subfield code="c">1982 [1a Ed.:]</subfield>
  </datafield>
  <datafield tag="300" ind1=" " ind2=" ">
    <subfield code="a">DISCO</subfield>
  </datafield>
  <datafield tag="300" ind1=" " ind2=" ">
    <subfield code="c">45 minuti (Testo:  pag.)</subfield>
  </datafield>
  <datafield tag="500" ind1=" " ind2=" ">
    <subfield code="a">Disco fuori commercio allegato al n. 5 '82 della rivista "Musica jazz". Incisioni "classiche" jazz, swing. Jazz come musica da ballo</subfield>
  </datafield>
  <datafield tag="505" ind1=" " ind2=" ">
    <subfield code="a">Big John Special [(Chicago, 11 settembre 1934) (Henderson Fletcher) (3:00)] - Don't Be That Way [(New York, 16 febbraio 1938) (Goodman Benny) (4:00)] - One O'Clock Jump [(New York, 7 luglio 1937) (Basie Count) (4:00)] - Stompin' At the Savoy [(New York, 18 maggio 1934) (Webb Chick) (4:00)] - A Tisket-A Tasket [(New York, 2 maggio 1938) (Fitzgerald Ella) (3:00)] - Good Enough To Keep [(Los Angeles, 20 giugno 1940) (Goodman Benny) (4:00)] - Honeysuckle Rose [(New York, 7 novembre 1934) (Waller Thomas Fats) (3:00)] - I'm Getting Sentimental Over You [(New York, 26 agosto 1935) (Dorsey Tommy) (4:00)] - Zaz Zuh Zaz [(New York, 2 novembre 1933) (Calloway Cab) (4:00)] - My Man [(New York, 1 novembre 1937) (Holiday Billie) (3:00)] - Rose Room [(New York, 29 ottobre 1934) (Lunceford Jimmie) (4:00)] - At the Woodchoppers' Ball [(New York, 12 aprile 1939) (Herman Woody) (4:00)] - In the Mood [(New York, 1 agosto 1939) (Miller Glenn) (4:00)] - Flying Home [(New York, 26 maggio 1942) (Goodman Benny) (4:00)]</subfield>
  </datafield>
  <datafield tag="511" ind1=" " ind2=" ">
    <subfield code="a">Smith Russell; Tr Randolph Irving; Tr Allen Henry; Tr Johnson Keg: trne; Jones Claude: trne; Jefferson Hilton: alto; Procope Russell: alto; Bailey Buster: cl; Webster Ben: ten; Henderson Fletcher: p, arr; oppure Henderson Horace: p; Lucie Lawrence: chit; James Elmer: cb; Johnson Walter: batt; Orchestra Fletcher Henderson </subfield>
  </datafield>
  <datafield tag="511" ind1=" " ind2=" ">
    <subfield code="a">Elman Ziggy: tr; Griffin Chris: tr; James Harry: tr; Ballard Red: trni Brown Vernon: trni; Goodman Benny: cl; Koenig George: alto; Schertzer Hymie: alto; Russin Babe: ten; Rollini Arthur: ten; Stacy Jess: p; Reuss Allen: chit; Goodman Harry: cb; Krupa Gene: batt; Orchestra Benny Goodman</subfield>
  </datafield>
  <datafield tag="511" ind1=" " ind2=" ">
    <subfield code="a">Lewis Ed: tr; Moore Bobby: tr; Clayton Buck: tr; Hunt George: trni; Minor Dan: trni; Washington Jack: alto; Warren Earl: alto; Evans Herschel: ten; Young Lester: ten; Basie Count: p; Green Freddie: chit; Page Walter: cb; Jones Jo: batt; Orchestra Count Basie</subfield>
  </datafield>
  <datafield tag="511" ind1=" " ind2=" ">
    <subfield code="a">Bauza Mario: tr; Jones Reunald: tr; Jordan Taft: tr; Williams Sandy: trne; Clark Pete: alto, cl; Sampson Edgar: alto, arr; Williams Elmer: ten; Steele Joe: p; Trueheart John: chit; Kirby John: cb, tuba; Webb Chick: batt; Orchestra Chick Webb</subfield>
  </datafield>
  <datafield tag="511" ind1=" " ind2=" ">
    <subfield code="a">Fitzgerald Ella: voce; Bauza Mario: tr; Stark Bobby: tr; Jordan Taft: tr; Williams Sandy: trni; Story Nat: trni; Matthews George: trni; Bushell Gary: cl, fl, saxes; Jordan Louis: cl, fl, saxes; McRae Ted: cl, fl, saxes; Carver Wayman: cl, fl, saxes; Fulford Tommy: p; Johnson Bobby: chit; Peer Beverly: cb; Webb Chick: batt</subfield>
  </datafield>
  <datafield tag="511" ind1=" " ind2=" ">
    <subfield code="a">Goodman Benny: cl; Hampton Lionel: vib; Brooks Dudley: p; Christian Charlie: chit; Bernstein Artie: cb; Fatool Nick: batt; Sestetto Benny Goodman</subfield>
  </datafield>
  <datafield tag="511" ind1=" " ind2=" ">
    <subfield code="a">Waller Fats: p, voce; Coleman Bill: tr; Sedric Gene: cl, ten; Casey Al: chit; Taylor Bill: cb; Dial Hayy: batt; Fats Waller and his Rhyth</subfield>
  </datafield>
  <datafield tag="511" ind1=" " ind2=" ">
    <subfield code="a">Ferretti Andy: tr; Bose Sterling: tr; Graham Bill: tr; Weston Cliff: tr; Dorsey Tommy: trni; Pickering Ben: trni; Jacobs Dave: trni; Stoneburn Sid: saxes; Bernardi Noni: saxes; Rounds Clyde: saxes; Van Eps Johnny: saxes; Mitchell Paul: p; Cheikes Mac: chit; Traxler Gene: cb; Rosen Sam: batt; Orchestra Tommy Dorsey</subfield>
  </datafield>
  <datafield tag="511" ind1=" " ind2=" ">
    <subfield code="a">Wright Lamar: tr; Cheatham Doc: tr; Swayzee Edwin: tr; Wheeler De Priest: trni; White Harry: trni; Barefield Eddie: cl, alto, bar; Harris Arville: cl, alto; Thomas Walter: cl, ten, fl; Payne Bennie: p; White Morris: chit; Morgan Al: cb; Maxey Leroy: batt; Orchestra Cab Calloway</subfield>
  </datafield>
  <datafield tag="511" ind1=" " ind2=" ">
    <subfield code="a">Holiday Billie: voce; Clayton Buck: tr; Robinson Prince: cl, ten; Musso Vido: ten; Wilson Teddy: p; Reuss Allen: chit; Page Walter: cb; Cole Cozy: batt; Orchestra Teddy Wilson</subfield>
  </datafield>
  <datafield tag="511" ind1=" " ind2=" ">
    <subfield code="a">Tompkins Eddie: tr; Oliver Sy: tr; Stevenson Tommy: tr; Wells Henry: trni; Bowles Russell: trni; Smith Willie: saxes; Carruthers Earl: saxes; Thomas Joe: saxes; Wilcox Eddie: p; Norris Al: chit; Allen Moses: cb; Crawford James: batt; Orchestra Jimmie Lunceford</subfield>
  </datafield>
  <datafield tag="511" ind1=" " ind2=" ">
    <subfield code="a">Willard Clarence: tr; Nelson Steady: tr; Mcquordale Mac: tr; Bishop Joe: flic; Reid Neal: trne; Herman Woody: cl; Mansfield Saxie: saxes; Hopfner Ray: saxes; Johns Pete: saxes; Estren Joe: saxes; Lineham Tommy: p; White Hy: chit; Yoder Walter: cb; Carlson Frankie: batt; Orchestra Woody Herman</subfield>
  </datafield>
  <datafield tag="511" ind1=" " ind2=" ">
    <subfield code="a">Hurely Clyde: tr; Knowles Leg: tr; Mcmickle Dale: tr; Miller Glenn: trni; Mastren Al: trni; Tanner Paul: trni; Tennyson Harold: saxes; Mcintire Hal: saxes; Schwartz Wilbur: saxes; Beneke Tex: saxes; Klink Al: saxes; McGregor Chummy: p; Fisher Richard: chit; Bundock Rowland: cb; Purtill Maurice: batt; Orchestra Glenn Miller</subfield>
  </datafield>
  <datafield tag="511" ind1=" " ind2=" ">
    <subfield code="a">George Karl: tr; Royal Ernie: tr; Newman Joe: tr; Beckett Fred: trni; Craven Sonny: trni; Sloan Harry: trni; Royal Marshall: saxes; Perry Ray: saxes; Gordon Dexter: saxes; Jacquet Illinois: saxes; McVea Jack: saxes; Hampton Lionel: vibr; Buckner Milt: p; Ashby Irving: chit; Alley Vernon: cb: Jenkis George: batt; Orchestra Lionel Hampton</subfield>
  </datafield>
  <datafield tag="650" ind1=" " ind2=" ">
    <subfield code="a">JAZZ [DISCHI]</subfield>
    <subfield code="e">Codice MATERIA SPICS: 9950</subfield>
    <subfield code="9">13510</subfield>
  </datafield>
  <datafield tag="700" ind1=" " ind2=" ">
    <subfield code="a">Henderson Fletcher</subfield>
    <subfield code="d">Codice autore musica SPICS: 10660</subfield>
    <subfield code="e">Autore musica</subfield>
    <subfield code="p">Big John Special</subfield>
    <subfield code="9">13511</subfield>
  </datafield>
  <datafield tag="700" ind1=" " ind2=" ">
    <subfield code="a">Goodman Benny</subfield>
    <subfield code="d">Codice autore musica SPICS: 10538</subfield>
    <subfield code="e">Autore musica</subfield>
    <subfield code="p">Don't Be That Way - Stompin' At the Savoy - Good Enough To Keep - Flying Home</subfield>
    <subfield code="9">13512</subfield>
  </datafield>
  <datafield tag="700" ind1=" " ind2=" ">
    <subfield code="a">Sampson Edgar</subfield>
    <subfield code="d">Codice autore SPICS: 15952</subfield>
    <subfield code="e">Autore</subfield>
    <subfield code="p">Don't Be That Way - Stompin' At the Savoy</subfield>
    <subfield code="9">13513</subfield>
  </datafield>
  <datafield tag="700" ind1=" " ind2=" ">
    <subfield code="a">Parish James Robert</subfield>
    <subfield code="d">Codice autore testo/musica SPICS: 8387</subfield>
    <subfield code="e">Autore musica</subfield>
    <subfield code="p">Don't Be That Way</subfield>
    <subfield code="9">13514</subfield>
  </datafield>
  <datafield tag="700" ind1=" " ind2=" ">
    <subfield code="a">Basie Count</subfield>
    <subfield code="d">Codice autore musica SPICS: 10545</subfield>
    <subfield code="e">Autore musica</subfield>
    <subfield code="p">One O'Clock Jump</subfield>
    <subfield code="9">13515</subfield>
  </datafield>
  <datafield tag="700" ind1=" " ind2=" ">
    <subfield code="a">Razaf Andy</subfield>
    <subfield code="d">Codice autore musica SPICS: 10573</subfield>
    <subfield code="e">Autore musica</subfield>
    <subfield code="p">Stompin' At the Savoy - Honeysuckle Rose - In the Mood</subfield>
    <subfield code="9">13516</subfield>
  </datafield>
  <datafield tag="700" ind1=" " ind2=" ">
    <subfield code="a">Feldman Carol</subfield>
    <subfield code="d">Codice autore musica SPICS: 23502</subfield>
    <subfield code="e">Autore musica</subfield>
    <subfield code="p">A Tisket-A Tasket</subfield>
    <subfield code="9">13517</subfield>
  </datafield>
  <datafield tag="700" ind1=" " ind2=" ">
    <subfield code="a">Fitzgerald Ella</subfield>
    <subfield code="d">Codice autore SPICS: 10784</subfield>
    <subfield code="e">Autore</subfield>
    <subfield code="p">A Tisket-A Tasket</subfield>
    <subfield code="9">13518</subfield>
  </datafield>
  <datafield tag="700" ind1=" " ind2=" ">
    <subfield code="a">Christian Charlie</subfield>
    <subfield code="d">Codice autore musica SPICS: 16213</subfield>
    <subfield code="e">Autore musica</subfield>
    <subfield code="p">Good Enough To Keep</subfield>
    <subfield code="9">13519</subfield>
  </datafield>
  <datafield tag="700" ind1=" " ind2=" ">
    <subfield code="a">Mundy</subfield>
    <subfield code="d">Codice autore testo/musica SPICS: 20407</subfield>
    <subfield code="e">Autore testo/musica</subfield>
    <subfield code="p">Good Enough To Keep</subfield>
    <subfield code="9">13520</subfield>
  </datafield>
  <datafield tag="700" ind1=" " ind2=" ">
    <subfield code="a">Waller Thomas Fats</subfield>
    <subfield code="d">Codice autore musica SPICS: 15948</subfield>
    <subfield code="e">Autore musica</subfield>
    <subfield code="p">Honeysuckle Rose</subfield>
    <subfield code="9">13521</subfield>
  </datafield>
  <datafield tag="700" ind1=" " ind2=" ">
    <subfield code="a">Washington</subfield>
    <subfield code="d">Codice autore musica SPICS: 20489</subfield>
    <subfield code="e">Autore musica</subfield>
    <subfield code="p">I'm Getting Sentimental Over You</subfield>
    <subfield code="9">13522</subfield>
  </datafield>
  <datafield tag="700" ind1=" " ind2=" ">
    <subfield code="a">Bassman</subfield>
    <subfield code="d">Codice autore SPICS: 15818</subfield>
    <subfield code="e">Autore</subfield>
    <subfield code="p">I'm Getting Sentimental Over You</subfield>
    <subfield code="9">13523</subfield>
  </datafield>
  <datafield tag="700" ind1=" " ind2=" ">
    <subfield code="a">Calloway Cab</subfield>
    <subfield code="d">Codice autore musica SPICS: 16216</subfield>
    <subfield code="e">Autore musica</subfield>
    <subfield code="p">Zaz Zuh Zaz</subfield>
    <subfield code="9">13524</subfield>
  </datafield>
  <datafield tag="700" ind1=" " ind2=" ">
    <subfield code="a">White Harry</subfield>
    <subfield code="d">Codice autore SPICS: 16217</subfield>
    <subfield code="e">Autore</subfield>
    <subfield code="p">Zaz Zuh Zaz</subfield>
    <subfield code="9">13525</subfield>
  </datafield>
  <datafield tag="700" ind1=" " ind2=" ">
    <subfield code="a">Pollack Ben</subfield>
    <subfield code="d">Codice autore musica SPICS: 10735</subfield>
    <subfield code="e">Autore musica</subfield>
    <subfield code="p">My Man</subfield>
    <subfield code="9">13526</subfield>
  </datafield>
  <datafield tag="700" ind1=" " ind2=" ">
    <subfield code="a">Yvain M.</subfield>
    <subfield code="d">Codice autore SPICS: 15810</subfield>
    <subfield code="e">Autore musica</subfield>
    <subfield code="p">My Man</subfield>
    <subfield code="9">13527</subfield>
  </datafield>
  <datafield tag="700" ind1=" " ind2=" ">
    <subfield code="a">Williams</subfield>
    <subfield code="d">Codice autore musica SPICS: 20150</subfield>
    <subfield code="e">Autore musica</subfield>
    <subfield code="p">Rose Room</subfield>
    <subfield code="9">13528</subfield>
  </datafield>
  <datafield tag="700" ind1=" " ind2=" ">
    <subfield code="a">Hickman</subfield>
    <subfield code="d">Codice autore SPICS: 20925</subfield>
    <subfield code="e">Autore</subfield>
    <subfield code="p">Rose Room</subfield>
    <subfield code="9">13529</subfield>
  </datafield>
  <datafield tag="700" ind1=" " ind2=" ">
    <subfield code="a">Bishop Joe</subfield>
    <subfield code="d">Codice autore musica SPICS: 16221</subfield>
    <subfield code="e">Autore musica</subfield>
    <subfield code="p">At the Woodchoppers' Ball</subfield>
    <subfield code="9">13530</subfield>
  </datafield>
  <datafield tag="700" ind1=" " ind2=" ">
    <subfield code="a">Herman Woody</subfield>
    <subfield code="d">Codice autore SPICS: 11539</subfield>
    <subfield code="e">Autore</subfield>
    <subfield code="p">At the Woodchoppers' Ball</subfield>
    <subfield code="9">13531</subfield>
  </datafield>
  <datafield tag="700" ind1=" " ind2=" ">
    <subfield code="a">Garland Joe</subfield>
    <subfield code="d">Codice autore musica SPICS: 14425</subfield>
    <subfield code="e">Autore musica</subfield>
    <subfield code="p">In the Mood</subfield>
    <subfield code="9">13532</subfield>
  </datafield>
  <datafield tag="700" ind1=" " ind2=" ">
    <subfield code="a">Hampton Lionel</subfield>
    <subfield code="d">Codice autore SPICS: 10771</subfield>
    <subfield code="e">Autore</subfield>
    <subfield code="p">Flying Home</subfield>
    <subfield code="9">13533</subfield>
  </datafield>
  <datafield tag="700" ind1=" " ind2=" ">
    <subfield code="a">Robin Christian</subfield>
    <subfield code="d">Codice autore testo/musica SPICS: 10583</subfield>
    <subfield code="e">Autore testo/musica</subfield>
    <subfield code="p">Flying Home</subfield>
    <subfield code="9">13534</subfield>
  </datafield>
  <datafield tag="942" ind1=" " ind2=" ">
    <subfield code="c">MD</subfield>
    <subfield code="2">ddc</subfield>
  </datafield>
  <datafield tag="952" ind1=" " ind2=" ">
    <subfield code="0">0</subfield>
    <subfield code="1">0</subfield>
    <subfield code="4">0</subfield>
    <subfield code="6">25679_000000000000000</subfield>
    <subfield code="7">1</subfield>
    <subfield code="a">SPICS</subfield>
    <subfield code="b">SPICS</subfield>
    <subfield code="d">2013-10-25</subfield>
    <subfield code="l">0</subfield>
    <subfield code="o">25679</subfield>
    <subfield code="r">2013-10-25 00:00:00</subfield>
    <subfield code="w">2013-10-25</subfield>
    <subfield code="y">MD</subfield>
    <subfield code="z">Progr. Ins.: 5553 / N.Vol.: 1 / Copie: 1 - Copia rara: n.d. / date import: 01.01.2014 - By Epidotti, Trombetti, Vaglietti</subfield>
  </datafield>
</record>
